000 00633nam a2200265Ia 4500
005 20260121161352.0
008 008 260114s9999 xx 000 0 eng d
020 _a9781003560609
037 _aEBOOK
040 _aCRL
040 _beng
040 _cCRL
041 _2eng
041 _aeng
084 _qCRL
100 _aTibet in Exile
_91043659
245 0 _aShalini Mittal; Aditya Anshu
260 _bTaylor and Francis
260 _c2025
650 _aAsian Studies
_91043660
856 _uhttp://www.taylorfrancis.com/books/9781003560609
942 _cEBOOK
999 _c1610234
_d1610234